Statistiken für EM 2024 Stadien

Klicken Sie hier um das Quiz zu spielen!

Allgemein

  • Dieses Quiz wurde 95 mal gespielt
  • Das Durchschnittsergebnis liegt bei 9 aus 10

Antwortstatistiken

KapazitätStadion% Korrekt
61.524BVB Stadion Dortmund (Signal-Iduna-Park)
99%
66.026Munich Football Arena (Allianz Arena)
98%
70.033Olympiastadion Berlin
98%
50.998Stuttgart Arena (MHP-Arena)
94%
50.215Volksparkstadion Hamburg
92%
49.471Arena AufSchalke (Veltins Arena)
91%
48.057Frankfurt Arena (Deutsche Bank Park)
91%
46.635Leipzig Stadium (Red Bull Arena)
91%
46.922Cologne Stadium (RheinEnergie Stadion)
88%
46.264Düsseldorf Arena (Merkur Spiel-Arena)
86%

Verteilung der Resultate

Perzentil nach korrekt beantworteten Fragen

Anzahl Personen mit jedem Resultat

Ihre Resultats-Entwicklung

Sie haben dieses Quiz noch nicht gespielt